LDR 01080naa#a2200181#i#450# 001 RU\INFRA-M\bibl\120361 005 20260702151054.4 011 ## _a2500-3291 100 ## _a20260601b2026####ek#y0rusy0150####ca 102 ## _aRU 200 1# _aСравнительный анализ стилей антикризисного управления в российских и турецких компаниях: реакция на валютные шоки и санкционные ограничения _eЖурнальная статья 210 1# _aМосква _cОбщество с ограниченной ответственностью «Научно-издательский центр ИНФРА-М» _d2026 215 ## _a12 с. 608 ## _aЖурнальная статья _2local 675 ## _aЭкономика. Экономические науки. 33 _aТорговля. Международные экономические отношения. Мировое хозяйство. 339 _z 700 #1 _aБурлака _gС. Н. 700 #1 _aБельдина _gО. Г. 856 4# _azh-szf.ru _u